000
00326nam a22001337a 4500
008
180309b xxu||||| |||| 00| 0 eng d
020
_a
0256065543
041
_a
eng
080
_a
338
100
_a
53
101
_a
MNG
245
_a
Workbook/ Study Guide for use with Managerial Accounting
_c
Garrison, R.H
942
_2
udc
_c
BK
999
_c
44587
_d
44587